|
|
|
|
| LEADER |
00000nam0a2200000 4500 |
| 001 |
32543 |
| 005 |
20231030204925.0 |
| 010 |
|
|
|a 5020016349
|
| 035 |
|
|
|a (RuTPU)RU\TPU\book\32842
|
| 035 |
|
|
|a BOOK00000047
|
| 090 |
|
|
|a 32543
|
| 100 |
|
|
|a 20011210d1993 k y0rusy50 ca
|
| 101 |
0 |
|
|a rus
|
| 102 |
|
|
|a RU
|
| 105 |
|
|
|a а z 001zy
|
| 200 |
1 |
|
|a Высокочистые тугоплавкие и редкие металлы
|f Г. Г. Девятых, Г. С. Бурханов
|g РАН; Институт химии высокочистых веществ; Институт металлургии им. А. А. Байкова
|
| 210 |
|
|
|a Москва
|c Наука
|d 1993
|
| 215 |
|
|
|a 222 с.
|c ил.
|
| 320 |
|
|
|a Библиогр.: с. 207-218.
|
| 610 |
1 |
|
|a металлургия
|
| 610 |
1 |
|
|a тугоплавкие металлы особо чистые
|
| 610 |
1 |
|
|a редкие металлы особо чистые
|
| 610 |
1 |
|
|a высокочистые вещества
|
| 675 |
|
|
|a 669.24/29
|v 3
|
| 700 |
|
1 |
|a Девятых
|b Г. Г.
|g Григорий Григорьевич
|
| 701 |
|
1 |
|a Бурханов
|b Г. С.
|g Геннадий Сергеевич
|
| 712 |
0 |
2 |
|a Институт химии высокочистых веществ
|
| 712 |
0 |
2 |
|a Российская академия наук (РАН)
|b Институт металлургии и материаловедения им. А. А. Байкова (ИМЕТ)
|c (Москва)
|2 stltpush
|3 (RuTPU)RU\TPU\col\413
|
| 801 |
|
0 |
|a RU
|b 63413507
|c 20011210
|g PSBO
|
| 801 |
|
2 |
|a RU
|b 63413507
|c 20071126
|g PSBO
|
| 942 |
|
|
|c BK
|